Jednou je málo, desetkrát moc ...

Efektívnosť frekvencie reklamy a efekt vyčerpania reklamy.

Guardado en:
Detalles Bibliográficos
Autor principal: Světlík, Jaroslav
Formato: Capítulo de libro
Lenguaje:checo
Materias:
Etiquetas: Agregar Etiqueta
Sin Etiquetas, Sea el primero en etiquetar este registro!

MARC

LEADER 00000naa a2200000 4500
001 0128874
005 20231115065408.9
041 0 |a cze 
044 |a CZ 
245 1 0 |a Jednou je málo, desetkrát moc ...  |c Jaroslav Světlík 
520 |a Efektívnosť frekvencie reklamy a efekt vyčerpania reklamy. 
610 2 0 |a reklama 
610 2 0 |a efektívnosť 
100 1 |a Světlík, Jaroslav